Sociedades rurales y naturaleza : en busca de alternativas hacia la sustentabilidad /

Збережено в:
Бібліографічні деталі
Автор: Morales Hernández, Jaime (autor)
Інші автори: Sevilla Guzmán, Eduardo (prólogo) (prólogo)
Формат: Книга
Мова:Іспанська
Опубліковано: Guadalajara, México : México : ITESO ; Universidad Iberoamericana, Plantel León, 2004, c2004
Предмети:
Теги: Додати тег
Немає тегів, Будьте першим, хто поставить тег для цього запису!

MARC

LEADER 00000nam^a2200000^a^4500
001 000175081
005 20250521000000.0
009 20260310101550.883
020 |a 968-5087-68-7 
037 |a Acervo ITESO - Biblioteca 
041 |a ESP 
082 |a 333. 7  |b MOR 
100 |a Morales Hernández, Jaime  |e (autor) 
245 1 0 |a Sociedades rurales y naturaleza :  |b en busca de alternativas hacia la sustentabilidad /  |c J. Morales Hernández ; pról. de E. Sevilla Guzmán. 
264 4 |a Guadalajara, México :  |b ITESO ;  |a México :  |b Universidad Iberoamericana, Plantel León,  |c 2004, c2004 
300 |a 249 p. 
336 |a texto  |b txt  |2 rdacontenido 
337 |a sin mediación  |b n  |2 rdamedio 
338 |a volumen  |b nc  |2 rdasoporte 
649 |a XX 
650 |a Desarrollo Sustentable -  |x Tema Principal 
650 |a Desarrollo Sustentable -  |z Jalisco 
650 |a Desarrollo Sustentable -  |z México 
650 |a Desarrollo Rural -  |x Tema Principal 
650 |a Desarrollo Rural -  |z Juanacatán, Jalisco 
650 |a Desarrollo Rural -  |z México 
650 |a Desarrollo Económico-Social -  |z México 
650 |a Desarrollo Económico-Social 
650 |a Movimientos Campesinos -  |z México 
650 |a Movimientos Campesinos 
650 |a Movimientos Sociales -  |z México 
650 |a Movimientos Sociales 
650 |a Liberalismo y Neoliberalismo Económicos -  |z México 
650 |a Liberalismo y Neoliberalismo Económicos 
650 |a Globalización 
650 |a Política Agraria -  |z México 
650 |a Política Agraria 
650 |a Agroecología 
650 |a Economía 
700 |a Sevilla Guzmán, Eduardo  |e (prólogo) 
910 |a Fondo General 
920 |a Impresos - Libros 
930 |a Colección General 
905 |a 101 
901 |a 0500113097  |b IT1  |c ACC  |u 20250521 
901 |a 0500113122  |b IT1  |c ACC  |u 20250521 
901 |a 0500353124  |b IT1  |c ACC  |i D119119  |u 20250521 
902 |a https://opac.biblio.iteso.mx/vufind/Record/000175081